(NEW) Valorant Map Locations - Statistics

General Stats
  • This quiz has been taken 166 times
  • The average score is 5 of 11
Answers on the Map
Answers color-coded by a green-red scale on the quiz's map according to % correct below.
 
Answer Stats
Answer % Correct
Fracture / Sunset
83%
Split
68%
Icebox
67%
Ascent / The Range
62%
Corrode
58%
Lotus
56%
Bind
50%
Pearl
50%
Abyss
15%
Haven
11%
Drift
10%
No matching quizzes found
Score Distribution
Percent of People with Each Score
Percentile by Number Answered
Your Score History
You have not taken this quiz